000 01064cam a2200325 a 4500
001 16241650
003 OSt
005 20170105102904.0
008 100519s2010 enk b 000 0 eng
010 _a 2010362796
020 _a9780415595285
040 _aDLC
_cDLC
050 0 0 _aJZ5675
_b.C68 2010
082 _a327.172
_bCOR 2010
100 1 _aCortright, David,
_d1946-
245 1 0 _aTowards nuclear zero /
_cDavid Cortright and Raimo Väyrynen.
260 _aLondon :
_bInternational Institute for Strategic Studies,
_c2010.
300 _a182 p. ;
_c24 cm.
504 _aIncludes bibliographical references.
650 0 _aNuclear nonproliferation.
650 0 _aNuclear disarmament.
650 0 _aNuclear arms control.
650 0 _aArms control.
650 0 _aSecurity, International.
650 0 _aAntinuclear movement.
700 1 _aVäyrynen, Raimo.
906 _a7
_bcbc
_corignew
_d3
_encip
_f20
_gy-gencatlg
942 _2ddc
_cBK
999 _c14775
_d14775